000 00413nam a22001577a 4500
003 OSt
005 20240410114419.0
008 240410b |||||||| |||| 00| 0 eng d
040 _cCentral Library MRSPTU
100 _aAnandakrishnan, M
245 _aHigher Education at The Crossroads
250 _a1st
260 _aNew Delhi
_bBloomsbury Publishing India Pvt.Ltd
_c2014
300 _a716
942 _2ddc
_cBK
_n0
999 _c10017
_d10017